000
00303nam a2200133Ia 4500
005
20251222142011.0
008
251222s9999||||xx |||||||||||||| ||spa||
020
_a
84-404-5329-9
082
_a
220.9/K57
100
_a
Kircher, Atanasuis
245
0
_a
El Arca de NoƩ:
264
_b
Octo
942
_c
LIB
999
_c
10343
_d
10343